| 000 | 00911nam a2200265Ia 4500 | ||
|---|---|---|---|
| 005 | 20250911144500.0 | ||
| 008 | 130821s2000 sp gr spa | ||
| 020 | _a8481916447 | ||
| 040 |
_aCo-BoUCM _bspa _cDavid Moreno (modificó) _dDavid Moreno (modificó) |
||
| 041 | 0 | 0 | _aspa |
| 100 | 1 |
_aWittgenstein, Ludwig Josef Johann _d1889-1951 _967575 |
|
| 245 | 1 | 0 |
_aMomentos del pensar diarios 1930-1930 / 1936-1937 _c2000 |
| 260 |
_aValencia (España) _bPre-Textos _c2000 |
||
| 300 | _a221 páginas | ||
| 490 |
_aMovimientos del pensar _v455 |
||
| 650 | 0 | 4 |
_aFilosofía alemana _97622 |
| 650 | 0 | 4 |
_aFilosofía moderna _915835 |
| 650 | 0 | 4 |
_aFilosofía _975 |
| 650 | 0 | 4 |
_aTeoría del conocimiento _9403 |
| 700 | 1 |
_aReguera, Isodoro _9164016 |
|
| 700 | 1 |
_aSomavilla, Ilse _930361 |
|
| 765 | _aDenkbewegungen tagebücher | ||
| 942 |
_cLIBRO _a2 _e1 _mW831m _2DEWEY _h160 _n0 |
||
| 999 |
_c55146 _d55146 |
||